zpět

Detail výsledku týmu

Záložna ST, Pardubice

Datum a čas kvízu

22 Celkem bodů Celkový počet nahraných bodů na tomto kvízu bez doplňovacích otázek.
16. Pořadí na kvízu Konečné umístění týmu na tomto kvízu.

Zaznamenané odpovědi

# Otázka Odpověď Body Výsledky
1. Česká pošta vydala u příležito... Jiří Suchý 0
2. Turistům se minulý týden uzavř... Uluru (Ayers Rock) 1
3. V neděli měl vystoupit známý č... David Černý 0
4. Před měsícem vzbudila rozruch... Google 1
5. Minulý týden bylo oznámeno, že... Fernando Alonso 0
6. Druhý díl naší cesty kolem svě... Myanmar (Barma) 0
7. Pokračujeme dále do jihovýchod... Thajsko 0
8. Další dvě otázky budou patřit... Medvídek Pú 1
9. V severní Číně a jižním Mongol... Gobi 1
10. Dnešní putování zakončíme v Mo... z kobylího mléka 0